<?xml version="1.0" encoding="UTF-8"?>
<record
    xmlns:xsi="http://www.w3.org/2001/XMLSchema-instance"
    xsi:schemaLocation="http://www.loc.gov/MARC21/slim http://www.loc.gov/standards/marcxml/schema/MARC21slim.xsd"
    xmlns="http://www.loc.gov/MARC21/slim">

  <leader>01461cam a2200397 a 4500</leader>
  <controlfield tag="001">B326990</controlfield>
  <controlfield tag="003">OSt</controlfield>
  <controlfield tag="005">20240923020003.0</controlfield>
  <controlfield tag="007">ta                    </controlfield>
  <controlfield tag="008">130920s2014    quc||||       000|0 fre  </controlfield>
  <controlfield tag="009">4</controlfield>
  <datafield tag="020" ind1=" " ind2=" ">
    <subfield code="a">9782765042525 (br.)</subfield>
  </datafield>
  <datafield tag="024" ind1="3" ind2=" ">
    <subfield code="a">9782765042525</subfield>
  </datafield>
  <datafield tag="035" ind1=" " ind2=" ">
    <subfield code="a">(BAnQ)0004521055</subfield>
  </datafield>
  <datafield tag="035" ind1=" " ind2=" ">
    <subfield code="a">(SQTD)1653227</subfield>
  </datafield>
  <datafield tag="035" ind1=" " ind2=" ">
    <subfield code="a">(SDM)B326990</subfield>
  </datafield>
  <datafield tag="040" ind1=" " ind2=" ">
    <subfield code="a">SDM</subfield>
    <subfield code="b">fre</subfield>
    <subfield code="d">SQTD</subfield>
    <subfield code="c">CDM</subfield>
  </datafield>
  <datafield tag="082" ind1="0" ind2=" ">
    <subfield code="a">P&#xC9;D 372.62 L166e</subfield>
    <subfield code="2">23</subfield>
  </datafield>
  <datafield tag="100" ind1="1" ind2=" ">
    <subfield code="a">Lafontaine, Lizanne,</subfield>
    <subfield code="d">1968-</subfield>
    <subfield code="9">234708ad</subfield>
    <subfield code="8">785183ad</subfield>
  </datafield>
  <datafield tag="245" ind1="1" ind2="0">
    <subfield code="a">Enseigner l'oral, c'est possible! :</subfield>
    <subfield code="b">18 ateliers formatifs cl&#xE9;s en main /</subfield>
    <subfield code="c">Lizanne Lafontaine, Christian Dumais ; pr&#xE9;face, ginette Plessis-B&#xE9;lair ; collaboration &#xE0; l'&#xE9;dition, Cl&#xE9;mence Pr&#xE9;fontaine.</subfield>
  </datafield>
  <datafield tag="260" ind1=" " ind2=" ">
    <subfield code="a">Montr&#xE9;al :</subfield>
    <subfield code="b">Cheneli&#xE8;re &#xE9;ducation,</subfield>
    <subfield code="c">2014.</subfield>
  </datafield>
  <datafield tag="300" ind1=" " ind2=" ">
    <subfield code="a">xiv, 288 p. :</subfield>
    <subfield code="b">il. ;</subfield>
    <subfield code="c">28 cm +</subfield>
    <subfield code="e">1 CD-ROM.</subfield>
  </datafield>
  <datafield tag="490" ind1="1" ind2=" ">
    <subfield code="a">Didactique.</subfield>
    <subfield code="a">Langue et communication</subfield>
  </datafield>
  <datafield tag="500" ind1=" " ind2=" ">
    <subfield code="a">"Pour les &#xE9;l&#xE8;ves du primaire et du secondaire"</subfield>
  </datafield>
  <datafield tag="504" ind1=" " ind2=" ">
    <subfield code="a">Bibliogr.: p. [282]-287.</subfield>
  </datafield>
  <datafield tag="521" ind1=" " ind2=" ">
    <subfield code="a">P 4.</subfield>
  </datafield>
  <datafield tag="590" ind1=" " ind2=" ">
    <subfield code="a">P</subfield>
  </datafield>
  <datafield tag="650" ind1=" " ind2="6">
    <subfield code="a">Communication orale</subfield>
    <subfield code="x">&#xC9;tude et enseignement (Primaire)</subfield>
  </datafield>
  <datafield tag="650" ind1=" " ind2="6">
    <subfield code="a">Communication orale</subfield>
    <subfield code="x">&#xC9;tude et enseignement (Secondaire)</subfield>
  </datafield>
  <datafield tag="650" ind1=" " ind2="6">
    <subfield code="a">Communication orale</subfield>
    <subfield code="v">Probl&#xE8;mes et exercices.</subfield>
  </datafield>
  <datafield tag="700" ind1="1" ind2=" ">
    <subfield code="a">Dumais, Christian</subfield>
    <subfield code="9">448271a</subfield>
    <subfield code="8">649640a</subfield>
  </datafield>
  <datafield tag="830" ind1=" " ind2="0">
    <subfield code="a">Cheneli&#xE8;re/Didactique.</subfield>
    <subfield code="p">Langue et communication</subfield>
    <subfield code="8">581171ap</subfield>
    <subfield code="9">43391ap</subfield>
  </datafield>
  <datafield tag="908" ind1=" " ind2=" ">
    <subfield code="a">pa</subfield>
  </datafield>
  <datafield tag="908" ind1=" " ind2=" ">
    <subfield code="a">SDM</subfield>
  </datafield>
  <datafield tag="942" ind1=" " ind2=" ">
    <subfield code="2">ddc</subfield>
    <subfield code="c">BK</subfield>
    <subfield code="0">1</subfield>
  </datafield>
  <datafield tag="999" ind1=" " ind2=" ">
    <subfield code="c">38873</subfield>
    <subfield code="d">38873</subfield>
  </datafield>
  <datafield tag="952" ind1=" " ind2=" ">
    <subfield code="0">0</subfield>
    <subfield code="1">0</subfield>
    <subfield code="2">ddc</subfield>
    <subfield code="4">0</subfield>
    <subfield code="7">0</subfield>
    <subfield code="a">MAIN</subfield>
    <subfield code="b">MAIN</subfield>
    <subfield code="d">2021-04-08</subfield>
    <subfield code="l">3</subfield>
    <subfield code="o">P&#xC9;D 372.62 L166e</subfield>
    <subfield code="p">201690</subfield>
    <subfield code="r">2025-07-07 00:00:00</subfield>
    <subfield code="s">2024-09-22</subfield>
    <subfield code="w">2021-04-08</subfield>
    <subfield code="y">BK</subfield>
  </datafield>
  <datafield tag="952" ind1=" " ind2=" ">
    <subfield code="0">0</subfield>
    <subfield code="1">0</subfield>
    <subfield code="2">ddc</subfield>
    <subfield code="4">0</subfield>
    <subfield code="7">0</subfield>
    <subfield code="a">MAIN</subfield>
    <subfield code="b">MAIN</subfield>
    <subfield code="d">2022-04-20</subfield>
    <subfield code="l">1</subfield>
    <subfield code="o">P&#xC9;D 372.62 L166e</subfield>
    <subfield code="p">0000196459</subfield>
    <subfield code="r">2025-07-07 00:00:00</subfield>
    <subfield code="s">2022-10-12</subfield>
    <subfield code="w">2022-04-20</subfield>
    <subfield code="y">BK</subfield>
  </datafield>
</record>
